00790nam a2200193 i 4500001000700000003000900007005001700016007000300033008004100036100003500077245017100112260003500283300002100318500008200339651005200421700003600473710006300509852002400572122368ES-MaACL20250904063056.0t|070214s1920 sp |||| | spa d1 aPrieto Pazos, Faustino,d1861-10aSituación político-económica de España b: males y remedios / cFaustino Prieto Pazos ; edición costeada por el senador... D. Luis Federico Guirao y Girada. aMadrid : bR. Velasco, c1920. a24 p. ; c23 cm. aPrecede al tít.: Real Sociedad Económica Matritense de Amigos del país. 4aEspaña-xSituación económica-y1902-1931.1 aGuirao y Girada, Luis Federico.2 aReal Sociedad Económica Matritense de Amigos del País. aES-MaACLj1596-F-22